00493nam a22001697a 450000500170000001000150001702000260003203500130005803700130007108200110008410000180009524501020011326000250021527000370024030000290027770000170030620160108143001.0 aENG-114384 a9788179981016c200.00 aEN-97916 bDBAD/PUB a658.45 aAgarwal, N.P. aBusiness communication skills :cby N. P. Agarwal [and] R.K. Tailorbas per the syllabus of BBA / aJaipurbMalik c2012 a337,Chaura RastabJaipure302003 a355p. :c24cm(pbk)bill. aTailor, R.K.